Normal view
MARC view
Entry Personal Name
001 - CONTROL NUMBER
- control field: 19611
003 - CONTROL NUMBER IDENTIFIER
- control field: dpl
005 - DATE AND TIME OF LATEST TRANSACTION
- control field: 20100913105125.0
008 - FIXED-LENGTH DATA ELEMENTS
- fixed length control field: 100913|||a|||||| | ||| d
040 ## - CATALOGING SOURCE
- Original cataloging agency: dpl
- Transcribing agency: dpl
100 ## - HEADING--PERSONAL NAME
- Personal name: Bhosle, Asha
670 ## - SOURCE DATA FOUND
- Source citation: Work cat.: (dpl): Bhosle, Asha 19365, Do Phool /, 1972
670 ## - SOURCE DATA FOUND
- Source citation: Work cat.: (dpl): Bhosle, Asha 19365, Do Phool /, 1972
